Towards nuclear zero / (Record no. 14775)

000 -LEADER
fixed length control field 01064cam a2200325 a 4500
001 - CONTROL NUMBER
control field 16241650
003 - CONTROL NUMBER IDENTIFIER
control field OSt
005 - DATE AND TIME OF LATEST TRANSACTION
control field 20170105102904.0
008 - FIXED-LENGTH DATA ELEMENTS--GENERAL INFORMATION
fixed length control field 100519s2010 enk b 000 0 eng
010 ## - LIBRARY OF CONGRESS CONTROL NUMBER
LC control number 2010362796
020 ## - INTERNATIONAL STANDARD BOOK NUMBER
International Standard Book Number 9780415595285
040 ## - CATALOGING SOURCE
Original cataloging agency DLC
Transcribing agency DLC
050 00 - LIBRARY OF CONGRESS CALL NUMBER
Classification number JZ5675
Item number .C68 2010
082 ## - DEWEY DECIMAL CLASSIFICATION NUMBER
Classification number 327.172
Author Mark COR 2010
100 1# - MAIN ENTRY--PERSONAL NAME
Personal name Cortright, David,
Dates associated with a name 1946-
245 10 - TITLE STATEMENT
Title Towards nuclear zero /
Statement of responsibility, etc. David Cortright and Raimo Väyrynen.
260 ## - PUBLICATION, DISTRIBUTION, ETC.
Place of publication, distribution, etc. London :
Name of publisher, distributor, etc. International Institute for Strategic Studies,
Date of publication, distribution, etc. 2010.
300 ## - PHYSICAL DESCRIPTION
Extent 182 p. ;
Dimensions 24 cm.
504 ## - BIBLIOGRAPHY, ETC. NOTE
Bibliography, etc. note Includes bibliographical references.
650 #0 - SUBJECT ADDED ENTRY--TOPICAL TERM
Topical term or geographic name entry element Nuclear nonproliferation.
650 #0 - SUBJECT ADDED ENTRY--TOPICAL TERM
Topical term or geographic name entry element Nuclear disarmament.
650 #0 - SUBJECT ADDED ENTRY--TOPICAL TERM
Topical term or geographic name entry element Nuclear arms control.
650 #0 - SUBJECT ADDED ENTRY--TOPICAL TERM
Topical term or geographic name entry element Arms control.
650 #0 - SUBJECT ADDED ENTRY--TOPICAL TERM
Topical term or geographic name entry element Security, International.
650 #0 - SUBJECT ADDED ENTRY--TOPICAL TERM
Topical term or geographic name entry element Antinuclear movement.
700 1# - ADDED ENTRY--PERSONAL NAME
Personal name Väyrynen, Raimo.
906 ## - LOCAL DATA ELEMENT F, LDF (RLIN)
a 7
b cbc
c orignew
d 3
e ncip
f 20
g y-gencatlg
942 ## - ADDED ENTRY ELEMENTS (KOHA)
Source of classification or shelving scheme
Koha item type Book
Holdings
Withdrawn status Lost status Damaged status Not for loan Collection code Permanent Location Current Location Shelving location Date acquired Total Checkouts Full call number Barcode Date last seen Date last checked out Price effective from Koha item type
          Centre for International Peace & Stability (CIPS) Centre for International Peace & Stability (CIPS) General Stacks 09/16/2013 1 327.172 COR 2010 CIPS0001108 11/03/2021 10/04/2021 10/21/2013 Book
© 2023 Central Library, National University of Sciences and Technology. All Rights Reserved.